The blue mutiny : (Record no. 4443)
[ view plain ]
| 000 -LEADER | |
|---|---|
| fixed length control field | 00937nam a2200265 a 4500 |
| 003 - CONTROL NUMBER IDENTIFIER | |
| JCCL marc code | BD-JhCC |
| 005 - DATE AND TIME OF LATEST TRANSACTION | |
| control field | 20171127172033.0 |
| 008 - FIXED-LENGTH DATA ELEMENTS--GENERAL INFORMATION | |
| fixed length control field | 500101s1966 paub b 001 0 eng d |
| 035 ## - SYSTEM CONTROL NUMBER | |
| system control number | OCLC ocm03208300 from D960125M |
| 040 ## - CATALOGING SOURCE | |
| Original cataloging agency | DLC |
| Transcribing agency | TUC |
| Modifying agency | OCL |
| -- | UKM |
| -- | EQO |
| -- | BD-JhCC |
| 041 ## - LANGUAGE CODE | |
| Language code of Book | eng |
| 050 #0 - LIBRARY OF CONGRESS CALL NUMBER | |
| Classification number | HD9019.I3 |
| Item number | K5 1966 |
| 082 0# - DEWEY DECIMAL CLASSIFICATION NUMBER | |
| Classification number | 954.14035 |
| -- | 332.63270973 |
| Author mark and Year | KLI 1966 |
| 100 10 - MAIN ENTRY--PERSONAL NAME | |
| Personal name | Kling, Blair B. |
| 245 14 - TITLE STATEMENT | |
| Title | The blue mutiny : |
| Remainder of title | the indigo disturbances in Bengal, 1859-1862 / |
| Statement of responsibility, etc | by Blair B. Kling. |
| 260 ## - PUBLICATION, DISTRIBUTION, ETC. (IMPRINT) | |
| Place of publication, distribution, etc | Philadelphia : |
| Name of publisher, distributor, etc | University of Pennsylvania Press, |
| Date of publication, distribution, etc | c1966. |
| 300 ## - PHYSICAL DESCRIPTION | |
| Pagination | 243 p. : |
| Other physical details | map ; |
| Dimensions | 22 cm. |
| 500 ## - GENERAL NOTE | |
| General note | Includes index |
| 504 ## - BIBLIOGRAPHY, ETC. NOTE | |
| Bibliography, etc | Includes bibliography (p. [225]-233) and index. |
| 650 #0 - SUBJECT ADDED ENTRY--TOPICAL TERM | |
| Topical term or geographic name as entry element | Indigo. |
| 650 #0 - SUBJECT ADDED ENTRY--TOPICAL TERM | |
| Topical term or geographic name as entry element | Peasant uprisings |
| Geographic subdivision | India |
| -- | Bengal |
| General subdivision | History |
| Chronological subdivision | 19th century. |
| 650 #0 - SUBJECT ADDED ENTRY--TOPICAL TERM | |
| Topical term or geographic name as entry element | Indigo industry |
| Geographic subdivision | India |
| -- | Bengal |
| General subdivision | History |
| Chronological subdivision | 19th century. |
| 651 #0 - SUBJECT ADDED ENTRY--GEOGRAPHIC NAME | |
| Geographic name | India |
| General subdivision | History |
| Chronological subdivision | 19th century. |
| 942 ## - ADDED ENTRY ELEMENTS (KOHA) | |
| Source of classification or shelving scheme | Dewey Decimal Classification |
| Koha item type | Books |
| Source of classification or shelving scheme | Damaged status | Not for loan | Home library | Current library | Shelving location | Date of accession | Total Checkouts | Full call number | Barcode | Date last seen | Copy number | Koha item type |
|---|---|---|---|---|---|---|---|---|---|---|---|---|
| Dewey Decimal Classification | JCC Rouf Library | JCC Rouf Library | General Stacks | 11/27/2017 | 954.14035 KLI 1966 | 6397 | 11/27/2017 | C- 1 | Books |